[Event "Women's Speed Chess Q2"]
[Site "chess.com INT"]
[Date "2020.06.19"]
[Round "4"]
[White "Divya, Deshmukh"]
[Black "Nandhidhaa, P V"]
[Result "0-1"]
[WhiteTitle "WIM"]
[BlackTitle "WGM"]
[WhiteElo "2305"]
[BlackElo "2365"]
[WhiteFideId "35006916"]
[BlackFideId "5050847"]
[EventDate "2020.06.19"]

1. e4 c5 2. Nf3 e6 3. d4 cxd4 4. Nxd4 Nc6 5. Be3 Nf6 6. Nc3 Bb4 7. f3 O-O 8. a3
Bxc3+ 9. bxc3 Qc7 10. Bg5 d5 11. Bxf6 gxf6 12. exd5 exd5 13. Be2 Re8 14. O-O
Nxd4 15. cxd4 Bf5 16. Bd3 Bxd3 17. Qxd3 Rac8 18. Qf5 Qxc2 19. Qxf6 Re2 20. Qg5+
Qg6 21. Qxg6+ hxg6 22. Rf2 Rxf2 23. Kxf2 Rc2+ 24. Kg3 Rd2 25. Rb1 b6 26. Rb4 Kg7
27. h4 Kf6 28. Kh3 Rc2 29. Rb3 Rd2 30. Rb4 Kf5 31. Kg3 Rc2 32. Rb5 Ke6 33. Rb3
Rd2 34. Rb4 Rc2 35. Kh3 Rc4 36. g4 Rxb4 37. axb4 a5 38. bxa5 bxa5 39. h5 gxh5
40. gxh5 a4 41. h6 Kf6 0-1

[Event "Women's Speed Chess Q2"]
[Site "chess.com INT"]
[Date "2020.06.19"]
[Round "4"]
[White "Vittal, Sanjana"]
[Black "Balabayeva, Xeniya"]
[Result "0-1"]
[WhiteTitle "WFM"]
[BlackTitle "WFM"]
[WhiteElo "1961"]
[BlackElo "2146"]
[WhiteFideId "2097486"]
[BlackFideId "13719688"]
[EventDate "2020.06.19"]

1. e4 e6 2. d4 d5 3. Nc3 Bb4 4. Ne2 dxe4 5. a3 Bxc3+ 6. Nxc3 Nf6 7. Bg5 h6 8.
Bxf6 Qxf6 9. Nxe4 Qd8 10. Bd3 O-O 11. c3 Nd7 12. O-O Nf6 13. Qe2 Rb8 14. a4 b6
15. a5 Bb7 16. a6 Ba8 17. Nxf6+ Qxf6 18. Be4 Rfd8 19. Bxa8 Rxa8 20. Rfe1 Rac8
21. Qe5 Qe7 22. b4 c5 23. dxc5 bxc5 24. b5 c4 25. Rad1 Rd3 26. h3 Qd7 27. Rxd3
cxd3 28. Rd1 Rd8 29. c4 f6 30. Qe3 Kf7 31. Qd2 Qd4 32. Qb4 d2 33. Qb3 Rd7 34.
Qe3 Qb2 35. Qe2 Qc2 36. Kh2 e5 37. b6 axb6 38. a7 Rxa7 39. Rxd2 Qf5 40. Qd3 Qxd3
41. Rxd3 Ke6 42. Rb3 Ra6 43. Rb5 Kd6 44. Rd5+ Kc6 45. Rd8 Ra7 46. Rc8+ Rc7 47.
Ra8 Kc5 48. Ra4 Rd7 49. Kg3 Rd4 0-1

[Event "Women's Speed Chess Q2"]
[Site "chess.com INT"]
[Date "2020.06.19"]
[Round "4"]
[White "Mohota, Nisha"]
[Black "Charochkina, Daria"]
[Result "0-1"]
[WhiteTitle "IM"]
[BlackTitle "IM"]
[WhiteElo "2195"]
[BlackElo "2356"]
[WhiteFideId "5004330"]
[BlackFideId "4180917"]
[EventDate "2020.06.19"]

1. e4 d5 2. exd5 Qxd5 3. Nc3 Qd6 4. g3 Nf6 5. Bg2 g6 6. Nf3 Bg7 7. O-O O-O 8. d4
Rd8 9. Bf4 Qb6 10. Na4 Qa5 11. c4 c6 12. a3 Na6 13. b4 Qh5 14. Re1 Bg4 15. Re5
Bf5 16. h3 Ne4 17. g4 Bxe5 18. gxh5 Bxf4 19. hxg6 hxg6 20. Nh4 e5 21. Nxf5 gxf5
22. Bxe4 Rxd4 23. Qh5 fxe4 24. Kh1 Rad8 25. Rg1+ Kf8 26. Nc3 Nc7 27. Qh8+ Ke7
28. Qh4+ Kd7 29. Qg4+ Ne6 30. Ne2 Rd2 31. Nxf4 exf4 32. Qf5 Ke7 33. Qxe4 Rxf2
34. Rg2 Rd1+ 35. Rg1 Rdd2 36. Re1 Rh2+ 37. Kg1 Kf8 38. Qe5 Rxh3 39. Qb8+ Rd8 40.
Qe5 Ke7 41. Qe4 Rg8+ 42. Kf2 Rh2+ 43. Kf3 Rg3# 0-1

[Event "Women's Speed Chess Q2"]
[Site "chess.com INT"]
[Date "2020.06.19"]
[Round "4"]
[White "Yakimova, Mariya"]
[Black "Sucikova, Svetlana"]
[Result "1-0"]
[WhiteTitle "WFM"]
[BlackTitle "WFM"]
[WhiteElo "2269"]
[BlackElo "2171"]
[WhiteFideId "34188859"]
[BlackFideId "14923653"]
[EventDate "2020.06.19"]

1. d4 d5 2. c4 e6 3. Nf3 c6 4. g3 Nf6 5. Bg2 Be7 6. O-O O-O 7. Qc2 Nbd7 8. Rd1
b6 9. b3 Bb7 10. Nc3 Rc8 11. e4 dxe4 12. Nxe4 Nxe4 13. Qxe4 Nf6 14. Qc2 Qc7 15.
Bf4 Bd6 16. Bxd6 Qxd6 17. c5 Qc7 18. Rac1 Rfd8 19. Ne5 b5 20. b4 a5 21. a3 Ra8
22. Ra1 Nd5 23. Qb2 Qe7 24. h4 f6 25. Nd3 Bc8 26. Re1 Qf7 27. Bf3 Bd7 28. Kg2
Re8 29. Qd2 Qg6 30. Be4 f5 31. Bf3 Qf6 32. Ne5 Re7 33. h5 f4 34. Bxd5 exd5 35.
Qxf4 Qxf4 36. gxf4 Be8 37. Kg3 Re6 38. Rh1 Rh6 39. Kg4 Ra7 40. Kg5 Kf8 41. Rae1
axb4 42. axb4 Ra2 43. Ng4 Rf6 44. Nxf6 gxf6+ 45. Kxf6 Rxf2 46. f5 Bd7 47. Re5
Rf3 48. Rg1 Rf2 49. Rg5 Rf3 50. Re7 h6 51. Rxd7 hxg5 52. Rd8# 1-0

[Event "Women's Speed Chess Q2"]
[Site "chess.com INT"]
[Date "2020.06.19"]
[Round "4"]
[White "Castillo Pena, Patricia Evarista"]
[Black "Matveeva, Olga"]
[Result "0-1"]
[WhiteTitle "WCM"]
[BlackTitle "WIM"]
[WhiteElo "1770"]
[BlackElo "2171"]
[WhiteFideId "6412106"]
[BlackFideId "24107018"]
[EventDate "2020.06.19"]

1. d4 Nf6 2. Nf3 e6 3. e3 d5 4. Bd3 c5 5. b3 Nc6 6. Bb2 Bd6 7. Nbd2 O-O 8. O-O
b6 9. Ne5 Bb7 10. f4 Nb4 11. Be2 Ne4 12. a3 Nc6 13. Bd3 f5 14. Qe2 cxd4 15. exd4
Rc8 16. Rac1 Nxe5 17. fxe5 Be7 18. c4 Nxd2 19. Qxd2 Bg5 20. Qe2 Bxc1 21. Rxc1
Qg5 22. Rf1 Rf7 23. Bc1 Qh4 24. Rf4 Qe7 25. Rf1 Qc7 26. Be3 Qe7 27. c5 bxc5 28.
dxc5 Bc6 29. Bd4 a5 30. b4 axb4 31. axb4 Rb8 32. b5 Be8 33. h3 Qb7 34. b6 Bc6
35. Ra1 Qc8 36. Ba6 Qd8 37. Bb5 Qd7 38. Bxc6 Qxc6 39. Qb2 h6 40. Ra6 Rfb7 41.
Qa2 Kh7 42. Ra8 Qb5 43. Kh2 Qb4 44. Rxb8 Rxb8 45. Bg1 Qe4 46. c6 Qxe5+ 47. Kh1
Qd6 48. c7 Rf8 49. Qa7 Rc8 50. Qb7 Qd7 51. Qb8 e5 52. b7 Rxc7 0-1

[Event "Women's Speed Chess Q2"]
[Site "chess.com INT"]
[Date "2020.06.19"]
[Round "4"]
[White "Sihite, Chelsie Monica Ignesias"]
[Black "Khalafova, Narmin"]
[Result "1-0"]
[WhiteTitle "WIM"]
[BlackTitle "WGM"]
[WhiteElo "2252"]
[BlackElo "2279"]
[WhiteFideId "7101198"]
[BlackFideId "13402625"]
[EventDate "2020.06.19"]

1. c4 e5 2. Nc3 Bb4 3. g3 Bxc3 4. dxc3 Nf6 5. Bg2 O-O 6. Nf3 d6 7. O-O Nc6 8. h3
Be6 9. b3 h6 10. Be3 Qd7 11. Kh2 Nh7 12. Qc2 f5 13. Rad1 f4 14. Bd2 Bf5 15. Qc1
e4 16. Nd4 Nxd4 17. cxd4 f3 18. exf3 exf3 19. Bxf3 Bxh3 20. Bg2 Bxg2 21. Kxg2
Qf5 22. Qc3 Qe4+ 23. Kg1 Rf3 24. Rde1 Qg4 25. Re3 Raf8 26. Rxf3 Rxf3 27. Qa5
Qxd4 28. Be3 Rxg3+ 29. fxg3 Qxe3+ 30. Kg2 Qe2+ 31. Rf2 Qe4+ 32. Kg1 Ng5 33. Qf5
Qxf5 34. Rxf5 Ne4 35. Kg2 Nf6 36. Rf2 Kf7 37. Kf3 Ke6 38. Kf4 Nd7 39. g4 Ne5 40.
Re2 g5+ 41. Kg3 c6 42. Rh2 Nf7 43. Kf3 d5 44. Ke3 Ke5 45. cxd5 cxd5 46. Kd3 Kf4
47. Rf2+ Kxg4 48. Rxf7 h5 49. Ke3 Kg3 50. Rf5 Kg4 51. Rxd5 h4 52. Kf2 h3 53. Kg1
Kh4 54. Rd7 g4 55. Rxb7 g3 56. Rxa7 Kg4 57. Ra4+ Kf3 58. Rh4 1-0

[Event "Women's Speed Chess Q2"]
[Site "chess.com INT"]
[Date "2020.06.19"]
[Round "4"]
[White "Mrudul, Dehankar"]
[Black "Danielian, Elina"]
[Result "0-1"]
[WhiteTitle "WIM"]
[BlackTitle "GM"]
[WhiteElo "2256"]
[BlackElo "2407"]
[WhiteFideId "25096990"]
[BlackFideId "13300210"]
[EventDate "2020.06.19"]

1. e4 d6 2. d4 Nf6 3. Nc3 c6 4. Nf3 Bg4 5. Be2 e6 6. h3 Bh5 7. Be3 d5 8. e5 Nfd7
9. Nd2 Bg6 10. Nb3 a6 11. Bd3 Qc7 12. Bxg6 hxg6 13. Ne2 c5 14. c3 Nc6 15. O-O
Be7 16. Nf4 cxd4 17. cxd4 Qb6 18. Rb1 a5 19. Nc1 Rc8 20. Nce2 Qa6 21. Rc1 Nb6
22. b3 a4 23. Qd3 Qxd3 24. Nxd3 O-O 25. Rc2 Ra8 26. Rb1 Ra7 27. Nc3 axb3 28.
axb3 Rfa8 29. Rcc1 Ba3 30. Rd1 Be7 31. Nb5 Ra2 32. Nc3 Rc2 33. Rdc1 Rxc1+ 34.
Rxc1 Ra3 35. Rb1 Na5 36. Nc1 Nc6 37. Nb5 Ra5 38. Nc3 Bb4 39. N1e2 Bxc3 40. Nxc3
Ra3 41. Ne2 Nc8 42. Kf1 N8a7 43. Ke1 Nb5 44. Rb2 Ra1+ 45. Kd2 f6 46. f4 Kf7 0-1

[Event "Women's Speed Chess Q2"]
[Site "chess.com INT"]
[Date "2020.06.19"]
[Round "4"]
[White "Yip, Carissa"]
[Black "Xu, Yuanyuan"]
[Result "1-0"]
[WhiteTitle "IM"]
[BlackTitle "WGM"]
[WhiteElo "2420"]
[BlackElo "2317"]
[WhiteFideId "2090732"]
[BlackFideId "8601089"]
[EventDate "2020.06.19"]

1. e4 c6 2. d4 d5 3. Nc3 dxe4 4. Nxe4 Bf5 5. Ng3 Bg6 6. Nf3 Nd7 7. h4 h6 8. h5
Bh7 9. Bd3 Bxd3 10. Qxd3 e6 11. c3 Ngf6 12. Bd2 Be7 13. O-O-O O-O 14. Kb1 c5 15.
Be3 cxd4 16. Bxd4 Nc5 17. Qe2 Qa5 18. Nf5 exf5 19. Qxe7 Nce4 20. Qe5 Qxe5 21.
Nxe5 Rfd8 22. Nd3 Nd5 23. f3 Ng3 24. Rh3 Ne2 25. Nc1 Ndf4 26. Nxe2 Nxe2 27. Rh4
Rd5 28. Rd2 Nxd4 29. Rhxd4 Rxd4 30. Rxd4 Re8 31. Kc2 Re2+ 32. Rd2 Re1 33. Rd8+
Kh7 34. Rd7 Re2+ 35. Kb3 Rxg2 36. Rxf7 Rg5 37. Rxb7 Rxh5 38. Rxa7 Rg5 39. Rf7 h5
40. f4 Rg4 41. Rxf5 Kg6 42. Rd5 h4 43. a4 h3 44. Rd1 h2 45. Rh1 Rh4 46. a5 Kf5
47. a6 Kxf4 48. a7 Rh8 49. Rxh2 Ra8 50. Rf2+ Ke3 51. Rf7 g5 52. Kc4 g4 53. Kb5
g3 54. Kb6 g2 55. Rg7 Kf2 56. Kb7 1-0

[Event "Women's Speed Chess Q2"]
[Site "chess.com INT"]
[Date "2020.06.19"]
[Round "4"]
[White "Sliwicka, Alicja"]
[Black "Bulmaga, Irina"]
[Result "1-0"]
[WhiteTitle "WIM"]
[BlackTitle "IM"]
[WhiteElo "2317"]
[BlackElo "2440"]
[WhiteFideId "1150677"]
[BlackFideId "13903063"]
[EventDate "2020.06.19"]

1. e4 Nf6 2. e5 Nd5 3. d4 d6 4. c4 Nb6 5. exd6 cxd6 6. Nc3 g6 7. Be3 Bg7 8. Rc1
O-O 9. b3 Bf5 10. g4 Bc8 11. Bg2 Nc6 12. h3 e5 13. d5 Nd4 14. Nge2 Nxe2 15. Qxe2
f5 16. gxf5 gxf5 17. Qh5 Nd7 18. Bf3 Nf6 19. Qh4 f4 20. Bd2 e4 21. Bxe4 Qe8 22.
f3 Bf5 23. Qxf4 Bxe4 24. Nxe4 Nxd5 25. Qxd6 Rd8 26. Qg3 Nf6 27. Bh6 Rd7 28. O-O
Kh8 29. Bg5 Nh5 30. Qg4 Bd4+ 31. Kh1 Rg7 32. Rce1 Qf7 33. Nd6 Qc7 34. Qxd4 Ng3+
35. Kh2 Nxf1+ 36. Rxf1 Kg8 37. Bf6 Rg6 38. Be5 Qd7 39. f4 b6 40. f5 Rg5 41. Qd5+
Rf7 42. Qxf7+ Qxf7 43. Nxf7 Kxf7 44. Bg3 a5 45. h4 Rg8 46. Rd1 Re8 47. Rd6 Re2+
48. Kh3 Rxa2 49. Rxb6 Rb2 50. Ra6 Rxb3 51. Rxa5 Kf6 52. Kg4 h5+ 53. Kf4 Rc3 54.
Ra6+ Kf7 55. Rc6 Rc1 56. Bf2 Rf1 57. Kf3 Rc1 58. Be3 Rc3 59. Ke4 Rc2 60. Rc7+
Ke8 61. f6 Rh2 62. f7+ Kd8 63. f8=Q+ Kxc7 64. Bf4+ 1-0

[Event "Women's Speed Chess Q2"]
[Site "chess.com INT"]
[Date "2020.06.19"]
[Round "4"]
[White "Mamedjarova, Zeinab"]
[Black "Nguyen, Thi Mai Hung"]
[Result "0-1"]
[WhiteTitle "WGM"]
[BlackTitle "WGM"]
[WhiteElo "2274"]
[BlackElo "2258"]
[WhiteFideId "13401521"]
[BlackFideId "12401676"]
[EventDate "2020.06.19"]

1. d4 d5 2. c4 c6 3. Nf3 Nf6 4. e3 Bf5 5. Qb3 Qb6 6. c5 Qxb3 7. axb3 a6 8. Nc3
Nbd7 9. Be2 h6 10. O-O e6 11. b4 Rc8 12. Bd2 Be7 13. h3 O-O 14. g4 Bh7 15. Rfd1
Rfe8 16. Ne5 Nxe5 17. dxe5 Nd7 18. f4 f6 19. exf6 Bxf6 20. Be1 Kh8 21. Bf3 e5
22. f5 e4 23. Bg2 Ne5 24. Rab1 Nd3 25. Bg3 Nxb4 26. Na4 Re7 27. Bd6 Rf7 28. Nb6
Rd8 29. Bf1 g6 30. fxg6 Bxg6 31. Be2 Bg5 32. Rf1 Bxe3+ 33. Kg2 Rxf1 34. Rxf1 Bd4
35. b3 Kg7 36. h4 Nd3 37. g5 hxg5 38. hxg5 Bxc5 39. Bc7 Rf8 40. Nd7 Rxf1 41.
Kxf1 Be7 42. Bxd3 exd3 43. Be5+ Kf7 44. Bf4 Ke6 45. Ne5 Be4 46. g6 Bf6 47. Ke1
Bxe5 48. Bxe5 Kxe5 49. g7 Bh7 50. Kd2 Kf6 0-1

[Event "Women's Speed Chess Q2"]
[Site "chess.com INT"]
[Date "2020.06.19"]
[Round "4"]
[White "Buksa, Nataliya"]
[Black "Vantika, Agrawal"]
[Result "0-1"]
[WhiteTitle "IM"]
[BlackTitle "WIM"]
[WhiteElo "2410"]
[BlackElo "2286"]
[WhiteFideId "14123622"]
[BlackFideId "25050389"]
[EventDate "2020.06.19"]

1. d4 Nf6 2. Nc3 d5 3. Bf4 g6 4. e3 Bg7 5. h4 h5 6. Nf3 c6 7. Be2 Bg4 8. Ne5
Bxe2 9. Qxe2 Nbd7 10. O-O-O O-O 11. f3 Nxe5 12. Bxe5 Nd7 13. Bxg7 Kxg7 14. g4
Nf6 15. gxh5 Nxh5 16. Rhg1 e6 17. Rg5 Rh8 18. Rdg1 Nf6 19. Qf2 Rh5 20. e4 Qh8
21. e5 Nd7 22. R1g4 Rxg5 23. Rxg5 Qh6 24. f4 Rh8 25. h5 Kf8 26. b3 gxh5 27. Qh4
Ke8 28. Kb2 Nf8 29. Na4 Ng6 30. Qh2 b6 31. b4 h4 32. Rg4 h3 33. f5 exf5 34. Rg1
f4 35. e6 fxe6 36. b5 cxb5 37. Nc3 Kf7 38. Nxb5 a6 39. Nd6+ Ke7 40. Nb7 Rb8 41.
Qe2 Rxb7 42. Qxa6 Rd7 43. Qa3+ Kf7 44. Re1 h2 45. Qa4 Qh3 46. Qxd7+ Ne7 47. Qd6
h1=Q 48. Rxh1 Qxh1 49. Qxf4+ Nf5 50. Qc7+ Kf6 51. Qd8+ Kg6 52. Qg8+ Ng7 53. Qd8
Qe4 54. Qxb6 Nf5 55. c3 Ne3 0-1

[Event "Women's Speed Chess Q2"]
[Site "chess.com INT"]
[Date "2020.06.19"]
[Round "4"]
[White "Bivol, Alina"]
[Black "Dzagnidze, Nana"]
[Result "0-1"]
[WhiteTitle "WGM"]
[BlackTitle "GM"]
[WhiteElo "2386"]
[BlackElo "2524"]
[WhiteFideId "4100123"]
[BlackFideId "13601903"]
[EventDate "2020.06.19"]

1. Nf3 d5 2. g3 Nf6 3. Bg2 c6 4. O-O Bf5 5. d3 e6 6. Nfd2 Bg6 7. e4 dxe4 8. dxe4
Na6 9. Qe2 Be7 10. Nc3 O-O 11. h3 Bb4 12. Kh2 e5 13. Nc4 Re8 14. a3 Bxc3 15.
bxc3 Qe7 16. Rd1 Rad8 17. Rxd8 Rxd8 18. a4 Ne8 19. a5 f6 20. Be3 Nc5 21. Nd2 Bf7
22. a6 b6 23. f4 exf4 24. gxf4 Nc7 25. Bd4 Nb5 26. Nf3 Qxe4 27. Qxe4 Nxe4 28.
Re1 Nexc3 29. Bxc3 Nxc3 30. Re7 Nb5 31. Ne1 Kf8 32. Rb7 c5 33. Nd3 Bc4 34. Bc6
Nd4 35. Be4 Bxa6 36. Rxa7 Bxd3 37. cxd3 f5 38. Bg2 h6 39. Rb7 Rd6 40. Rb8+ Kf7
41. Kg3 Kf6 42. Rf8+ Ke7 43. Rg8 Kf7 44. Rb8 Ne6 45. Bf1 g5 46. fxg5 hxg5 47. h4
gxh4+ 48. Kh3 Kf6 49. Kxh4 Nf4 50. Rf8+ Ke5 51. Re8+ Kd4 52. Kg5 Nxd3 53. Kxf5
Rd5+ 54. Kf6 c4 55. Rb8 b5 56. Ke6 Re5+ 57. Kd6 Re1 0-1

[Event "Women's Speed Chess Q2"]
[Site "chess.com INT"]
[Date "2020.06.19"]
[Round "4"]
[White "Arakhamia-Grant, Ketevan"]
[Black "Bodnaruk, Anastasia"]
[Result "1/2-1/2"]
[WhiteTitle "GM"]
[BlackTitle "IM"]
[WhiteElo "2380"]
[BlackElo "2411"]
[WhiteFideId "13600168"]
[BlackFideId "4181751"]
[EventDate "2020.06.19"]

1. e4 c5 2. Nf3 d6 3. Bb5+ Bd7 4. Bxd7+ Qxd7 5. O-O Nc6 6. c3 Nf6 7. Re1 g6 8.
d4 Bg7 9. h3 O-O 10. Bf4 Rad8 11. Nbd2 cxd4 12. cxd4 e5 13. Bg5 h6 14. Bxf6 Bxf6
15. d5 Ne7 16. Nc4 Bg7 17. a4 f5 18. Nfd2 Rc8 19. f3 fxe4 20. fxe4 h5 21. b3 Bh6
22. Nf3 Rf4 23. Qd3 Rcf8 24. Rf1 g5 25. Nh2 Ng6 26. Ne3 Ne7 27. Rae1 Qe8 28. Nc4
Qg6 29. g3 Rxf1+ 30. Rxf1 Rxf1+ 31. Nxf1 g4 32. h4 Qf6 33. Kg2 Ng6 34. Qe2 Bf8
35. Qf2 Qxf2+ 36. Kxf2 Kf7 37. Nfe3 Ke8 38. Nf5 Kd7 39. Ke2 Be7 40. Kd3 Nf8 41.
Ng7 Ng6 42. Nxh5 Ke8 43. Ng7+ Kd7 44. Nf5 Nf8 45. Ke2 Nh7 46. Ke3 Nf6 47. Kd3
Bf8 48. Nce3 Kc7 49. Nc4 Kd7 50. b4 Kc7 51. a5 a6 52. Nce3 Kd7 53. Ke2 Kc7 54.
Kd3 Kd7 55. Nc4 Kc7 56. Ke3 Kd7 57. Kd3 1/2-1/2

[Event "Women's Speed Chess Q2"]
[Site "chess.com INT"]
[Date "2020.06.19"]
[Round "4"]
[White "Pham, Le Thao Nguyen"]
[Black "Rakshitta, Ravi"]
[Result "1-0"]
[WhiteTitle "IM"]
[BlackTitle "WIM"]
[WhiteElo "2366"]
[BlackElo "2190"]
[WhiteFideId "12401226"]
[BlackFideId "25073230"]
[EventDate "2020.06.19"]

1. d4 Nf6 2. Nf3 g6 3. g3 Bg7 4. Bg2 O-O 5. O-O d6 6. c4 c6 7. Nc3 Qa5 8. e4 e5
9. d5 cxd5 10. cxd5 b5 11. Nd2 b4 12. Nb3 Qb6 13. Be3 Qb7 14. Nb1 a5 15. a4 Bd7
16. h3 Rc8 17. N1d2 Be8 18. Qe2 Nbd7 19. Nc4 Qa6 20. Rfc1 Rc7 21. Nbxa5 Rac8 22.
Nc6 Nb8 23. Nxb8 Rxb8 24. b3 Bd7 25. Qd2 Ne8 26. Bf1 Qb7 27. Na5 Rxc1 28. Rxc1
Qa8 29. Nc6 Bxc6 30. dxc6 Rc8 31. Bb5 Qb8 32. Qxb4 f5 33. Qc4+ Kh8 34. exf5 gxf5
35. Qe6 f4 36. gxf4 Nc7 37. Qxd6 Rg8 38. Kh1 exf4 39. Bd4 Qe8 40. Bxg7+ Rxg7 41.
Qxf4 Qe6 42. Qf3 Rg8 43. Rd1 Qg6 44. Bc4 Ne6 45. Qc3+ Rg7 46. Qf3 h6 47. Qg4
Qxg4 48. hxg4 Nf4 49. Rd4 Kh7 50. Rxf4 Re7 51. Rf5 Re1+ 52. Kg2 Kg6 53. Rf3 h5
54. Re3 hxg4 55. Rxe1 g3 56. Kxg3 Kg5 57. c7 Kf6 58. c8=Q Kg7 59. Qg8+ Kh6 60.
Re6+ Kh5 61. Qg4# 1-0

[Event "Women's Speed Chess Q2"]
[Site "chess.com INT"]
[Date "2020.06.19"]
[Round "4"]
[White "Golubenko, Valentina"]
[Black "Kovacs, Klara"]
[Result "0-1"]
[WhiteTitle "WGM"]
[BlackTitle "WIM"]
[WhiteElo "2209"]
[BlackElo "2154"]
[WhiteFideId "4501993"]
[BlackFideId "733210"]
[EventDate "2020.06.19"]

1. d4 Nf6 2. g3 d5 3. Bg2 e6 4. c4 Be7 5. Nf3 O-O 6. O-O dxc4 7. Nc3 a6 8. Ne5
c5 9. e3 Nbd7 10. Nxc4 Rb8 11. d5 exd5 12. Nxd5 Nxd5 13. Qxd5 Nf6 14. Qxd8 Rxd8
15. Nb6 Bf5 16. b3 Be4 17. Bb2 Bxg2 18. Kxg2 Rd2 19. Bc3 Rc2 20. Rfc1 Rxc1 21.
Rxc1 Ne4 22. Be5 Rd8 23. Rc2 f6 24. Bc7 Rd2 25. Rxd2 Nxd2 26. f3 Kf7 27. Kf2 Nb1
28. Ke2 Nc3+ 29. Kd3 Nxa2 30. Kc4 Nb4 31. g4 g6 32. e4 Ke6 33. Bg3 Nc6 34. f4 f5
35. gxf5+ gxf5 36. e5 Na5+ 37. Kc3 Bd8 38. Na4 b6 39. Bf2 Nc6 40. Nb2 Ne7 41.
Bg3 Nd5+ 42. Kd3 b5 43. Nd1 Be7 44. Nc3 Nxc3 45. Kxc3 Kd5 46. h4 a5 47. h5 c4
48. bxc4+ bxc4 49. Bf2 Bb4+ 50. Kb2 Ke4 51. e6 Kd3 52. Be1 c3+ 53. Bxc3 Bxc3+
54. Kb3 Bf6 55. Ka4 Ke4 56. Kxa5 Kxf4 57. Kb6 Ke3 58. Kc5 f4 59. Kd6 f3 60. e7
Bxe7+ 61. Kxe7 f2 62. Kf7 f1=Q+ 63. Kg7 Qd3 64. Kh6 Kf4 65. Kg7 Kg5 66. h6 Qg6+
67. Kh8 Qxh6 68. Kg8 Qc6 69. Kh8 Qd7 70. Kg8 Kf6 71. Kh8 Qg7# 0-1

[Event "Women's Speed Chess Q2"]
[Site "chess.com INT"]
[Date "2020.06.19"]
[Round "4"]
[White "Injac, Teodora"]
[Black "Karnaukhova, Elmira"]
[Result "0-1"]
[WhiteTitle "WIM"]
[BlackTitle "WGM"]
[WhiteElo "2286"]
[BlackElo "2319"]
[WhiteFideId "932400"]
[BlackFideId "4148827"]
[EventDate "2020.06.19"]

1. d4 Nf6 2. Nf3 c5 3. d5 b5 4. Bg5 Qb6 5. a4 b4 6. a5 Qb7 7. Bxf6 gxf6 8. e4 d6
9. Nbd2 Nd7 10. Bd3 Ne5 11. Nc4 Bg4 12. Ncxe5 fxe5 13. h3 Bh5 14. Be2 Bh6 15.
Nh4 Bg6 16. Qd3 Rc8 17. Bg4 c4 18. Bxc8 Qxc8 19. Qe2 c3 20. b3 Bd2+ 21. Kf1 a6
22. Ra4 Qb7 23. Qc4 O-O 24. Qxb4 Qd7 25. Nf3 f5 26. Nxd2 cxd2 27. Qxd2 fxe4 28.
Kg1 Qb5 29. Kh2 Qc5 30. Kg3 Kh8 31. Rc4 Qb5 32. h4 Qd7 33. Kh2 Qg4 34. Kg1 Bh5
35. Qe3 Rg8 36. Qh3 Qd1+ 37. Kh2 Qe2 38. Qe3 Qg4 39. Qg3 Qf5 40. Qe3 Qf6 41. Qh3
Qf4+ 42. g3 Qxf2+ 43. Qg2 Qf5 44. Rf1 Bf3 45. Rxf3 exf3 46. Qf2 Rf8 47. Rc3 e4
48. Re3 Qxd5 49. c4 Qe5 50. Kg1 e6 51. Kh2 d5 52. cxd5 exd5 53. Qc2 f2 0-1

[Event "Women's Speed Chess Q2"]
[Site "chess.com INT"]
[Date "2020.06.19"]
[Round "4"]
[White "Skuhala, Barbara"]
[Black "Andriasyan, Siranush"]
[Result "1-0"]
[WhiteTitle "WFM"]
[BlackTitle "WIM"]
[WhiteElo "2095"]
[BlackElo "2298"]
[WhiteFideId "14605465"]
[BlackFideId "13301926"]
[EventDate "2020.06.19"]

1. e4 e5 2. Nf3 Nc6 3. Bc4 Nf6 4. O-O Bc5 5. c3 d6 6. d4 exd4 7. cxd4 Bb6 8. d5
Ne5 9. Nxe5 dxe5 10. Nc3 O-O 11. Bg5 h6 12. Bh4 a6 13. Qd3 Qd6 14. Rad1 Bg4 15.
Rd2 Bd4 16. Ne2 b5 17. Bb3 Bxe2 18. Rxe2 Nd7 19. Qg3 a5 20. Rc1 a4 21. Bd1 Nc5
22. b4 axb3 23. axb3 Ra1 24. Rxa1 Bxa1 25. h3 Kh7 26. Qf3 Bd4 27. Bg3 Qe7 28.
Rc2 Ra8 29. b4 Na6 30. Ra2 Ra7 31. Be2 Nxb4 32. Rxa7 Bxa7 33. Qf5+ g6 34. Qxe5
Qc5 35. Qf6 Kg8 36. h4 Na2 37. h5 Qc1+ 38. Kh2 Qg5 39. Qxg5 hxg5 40. hxg6 fxg6
41. Bxb5 Nc3 42. Bc6 Nxe4 43. Bxc7 Nxf2 44. d6 Ng4+ 45. Kg3 Nf6 46. d7 Nxd7 47.
Bxd7 Kf7 48. Bc6 Kf6 49. Kg4 Be3 50. Bd8+ Kf7 51. Bxg5 Bd4 52. Bf4 Bc3 53. Be4
Bd4 54. Bd5+ Kf6 55. Kf3 Bc3 56. Ke4 Be1 57. g4 Kg7 58. Kf3 Kf6 59. Be4 g5 60.
Bg3 Bc3 61. Bf5 Bb2 62. Ke4 Bc3 63. Bf2 Bd2 64. Bd4+ Kf7 65. Ke5 Be1 66. Be6+
Kg6 67. Bf5+ Kf7 68. Kd6 1-0

[Event "Women's Speed Chess Q2"]
[Site "chess.com INT"]
[Date "2020.06.19"]
[Round "4"]
[White "Babiy, Olga"]
[Black "Goryachkina, Aleksandra"]
[Result "1/2-1/2"]
[WhiteTitle "WGM"]
[BlackTitle "GM"]
[WhiteElo "2228"]
[BlackElo "2582"]
[WhiteFideId "14117258"]
[BlackFideId "4147103"]
[EventDate "2020.06.19"]

1. e4 e6 2. d4 d5 3. Nc3 Bb4 4. Ne2 Nf6 5. e5 Nfd7 6. a3 Be7 7. f4 c5 8. Be3 Nc6
9. g3 O-O 10. Bg2 b6 11. O-O Bb7 12. Qd2 Rc8 13. Nd1 cxd4 14. Nxd4 Nc5 15. Nf2
Ba6 16. Rfe1 Qc7 17. b4 Nxd4 18. Bxd4 Nd7 19. c3 Bc4 20. Ng4 a5 21. Ne3 Rfd8 22.
f5 Bf8 23. Qf2 Nb8 24. Ng4 exf5 25. Qxf5 Nc6 26. Rac1 Nxd4 27. cxd4 axb4 28.
axb4 Bxb4 29. Red1 b5 30. Qg5 Kh8 31. Ne3 Qe7 32. Qf4 Ba3 33. Ra1 b4 34. Nf5 Qe6
35. Qg5 Qg6 36. Qf4 Rc7 37. e6 Rb7 38. e7 Re8 39. Nd6 Rbxe7 40. Nxe8 Rxe8 41.
Re1 Rxe1+ 42. Rxe1 h6 43. Qb8+ Kh7 44. Qb7 f6 45. Bxd5 Bxd5 46. Qxd5 Qd3 47.
Qe4+ Qxe4 48. Rxe4 b3 49. Re1 Bb2 50. Rb1 Bxd4+ 51. Kf1 b2 52. Ke2 Be5 53. Kd3
Kg6 54. Ke4 Kf7 55. Kf5 g6+ 56. Ke4 h5 57. Kd5 Ke7 58. Rd1 Kd7 59. Rb1 Kc7 60.
Ke6 Kc6 61. Kf7 g5 62. Kg6 h4 63. gxh4 gxh4 64. Kh5 Bxh2 65. Rxb2 Be5 66. Rc2+
Kd5 67. Kxh4 Ke4 68. Kh3 Kd3 69. Rf2 Ke3 70. Rxf6 Bxf6 1/2-1/2